| 000 | 00713nam a2200253Ia 4500 | ||
|---|---|---|---|
| 003 | OSt | ||
| 005 | 20221005035056.0 | ||
| 006 | a|||||r|||| 00| 0 | ||
| 007 | ta | ||
| 008 | 221004b |||||||| |||| 00| 0 ben d | ||
| 020 | _c40 | ||
| 024 | _a423 | ||
| 037 |
_bM/2008/10, 05/02/2008, Mukta Dhara _cTextual |
||
| 040 |
_aCRL _cCRL _bben |
||
| 041 |
_2ben _aben |
||
| 082 | _aO157,3N365x, K0 | ||
| 100 |
_aDas Shishir kumar _9211811 |
||
| 245 | 0 | _aTarai tarai | |
| 260 |
_aDelhi _bI.M.A India _c1960 |
||
| 300 |
_a86p. _ccm. |
||
| 650 | _aBENGALI LITERATURE | ||
| 942 |
_hO157,3N365x, K0 _cTEXL _2cc |
||
| 999 |
_c944568 _d944568 |
||